00816 2200301 4500001002100000005001500021035002000036007000300056008004100059040001700100100001600117245007300133300003000206020002200236041000800258082001000266084001600276090002100292260003100313650001400344700002500358700002500383850001000408990002400418990002400442990002400466990002400490INLIS00000000000279720260531120604 a0010-0720000080ta260531 0  aSBPUPADbind0 aYuki Anggia1 aFotografer /cYuki Anggia; Ilustrator,Yam Roni; Editor, Alwi Kosasih a32 hlm. :bilus. ;c24 cm a978-602-6847-66-907aind a371.1 a371.1 YUK f a371.1 YUK f T3-2 aJakarta :bErlangga,c2018 4aBuku Anak0 aEditor, Alwi Kosasih0 aIlustrator, Yam Roni aPUPAD a34.815/DAK/DPK/2019 a34.614/DAK/DPK/2019 a34.816/DAK/DPK/2019 a34.613/DAK/DPK/2019